- León, Luis G.,
Entry Nombre Personal
001 - NUMERO DE CONTROL
- campo de control: 28986
003 - IDENTIFICADOR DE NUMERO DE CONTROL
- campo de control: DLC
005 - FECHA Y HORA DE LA ÜLTIMA TRANSACCIÓN
- campo de control: 20240409153355.0
008 - DATOS DE LONGITUD FIJA
- campo de control de longitud fija: 870210n| azannaabn |a aaa c
010 ## - NÚMERO DE CONTROL DE LA BIBLIOTECA DEL CONGRESO
- Número de control LC: n 87807596
035 ## - NUMERO DE CONTROL
- Número de control: (OCoLC)oca01788271
040 ## - FUENTE DE CATALOGACIÓN
- Agencia original de catalogación: ICU
- Lenguaje de catalogación: spa
- Description conventions: rda
- Agencia de transcripción: ICU
- Agencia que lo modifica: OCoLC
- Agencia que lo modifica: DLC
- Agencia que lo modifica: MX-MxUPN
046 ## - FECHAS CON CODIFICACIÓN ESPECIAL
- Fecha de nacimiento: 1866
- Fecha de muerte: 1913
100 1# - ENCABEZAMIENTO - NOMBRE PERSONAL
- Nombre personal: León, Luis G.,
- Fechas asociadas con el nombre: 1866-1913
372 ## - CAMPO DE ACTIVIDAD
- Field of activity: Física
- Field of activity: Química
373 ## - GRUPO ASOCIADO
- Associated group: Escuela Nacional para Profesoras
373 ## - GRUPO ASOCIADO
- Associated group: Escuela Nacional Preparatoria
373 ## - GRUPO ASOCIADO
- Associated group: Escuelas Normales
400 1# - VEÁSE - NOMBRE DE PERSONA
- Control subfield: nnea
- Personal name: León, Luis G.,
- Dates associated with a name: b. 1866
670 ## - FUENTE EN LA QUE SE LOCALIZARON DATOS
- Cita de la fuente: Las constelaciones zodiacales, 1902
- Información localizada: (hdg.: León, Luis G. 1866- ; usage: Luis G. León)
670 ## - FUENTE EN LA QUE SE LOCALIZARON DATOS
- Cita de la fuente: Lecciones de cosas en 650 grabados, 1904:
- Información localizada: portada (adaptación hispano-americana por el profesor Luis G. León)
670 ## - FUENTE EN LA QUE SE LOCALIZARON DATOS
- Cita de la fuente: Elementos de fisiología e higiene : segundo año, primer semestre, 1897
- Información localizada: portada (Preparador de Física y Química en la Escuela normal para Profesoras)
670 ## - FUENTE EN LA QUE SE LOCALIZARON DATOS
- Cita de la fuente: Física sin aparatos : para la escuela primaria, elemental y superior, 1906:
- Información localizada: portada (Catedrático de Física, por oposición, en la Escuela Nacional Preparatoria, antiguo preparados de Física y Química en las Escuelas Normales)
902 ## - CATALOGADOR
- Catalogador: Víctor Ruiz/250523
- Catalogador: MaríaRobles/090424
